Visualizzazione normale
Vista MARC
- Auricchio Paolo
di Personal Name
Records bibliografici associati: 1
001 - CONTROL NUMBER
- control field: 33000
003 - CONTROL NUMBER IDENTIFIER
- control field: IT-RoPau
005 - DATE AND TIME OF LATEST TRANSACTION
- control field: 20140703101204.0
008 - FIXED-LENGTH DATA ELEMENTS
- fixed length control field: 140703|| aca||aabn | a|a d
040 ## - CATALOGING SOURCE
- Original cataloging agency: IT-RoPau
- Transcribing agency: IT-RoPau
100 ## - HEADING--PERSONAL NAME
- Personal name: Auricchio Paolo
- Relator term: Autore
- Miscellaneous information: Codice autore SPICS: 35407
670 ## - SOURCE DATA FOUND
- Source citation: Work cat.: (IT-RoPau)103769: Buttazzo Francesco 28221, Alleluia è risorto: canti pasquali per la messa con i giovani